| 000 | 01110nam a2200301 4500 | ||
|---|---|---|---|
| 001 | 0000015415 | ||
| 003 | CO-CtgCURN | ||
| 005 | 20260317234418.0 | ||
| 007 | ta | ||
| 008 | 160627s2000 000 0 eng d | ||
| 020 | _a9586531031 | ||
| 040 |
_aCO-CtgCURN _bspa _ccoctgcurn |
||
| 082 | 0 |
_a345.861 _bC718p |
|
| 100 | 1 | _aLegis. | |
| 245 | 1 | 0 |
_aNuevo Código de procedimiento penal : _bley 600 de 2000 vigente a partir de julio 24 de 2001 / _cLegis. |
| 250 | _a4a ed. | ||
| 260 |
_aBogotá : _bLegis, _c2000. |
||
| 300 | _a199 p. | ||
| 336 | _2rdacontent | ||
| 337 |
_2rdamedia _asin mediacion _bn |
||
| 338 |
_2rdacarrier _avolumen _bnc |
||
| 505 | 8 | _aDisposiciones generales.--investigación.--Juicio.--Ejecucion de sentencia.--Relaciones con autoridades extrangeras y disposiciones finales.--Ley 600 de 2000.--Actuacion procesal | |
| 650 | 1 | 4 |
_aDerecho penal _vLegislacion _zColombia. |
| 908 | _a160627 | ||
| 942 |
_cBK _h345.861 _iC718p _2ddc _n0 |
||
| 999 |
_c19483 _d19483 |
||